LEADER 01252nam0-2200337 --450 001 9910364260503321 005 20200117091640.0 010 $a0792322509 100 $a20200117d1993----kmuy0itay5050 ba 101 $aeng 102 $aNL 105 $a 001yy 200 1 $aVortex flows and related numerical methods$fedited by J. T. Beale, G.-H. Cottet and S. Huberson 210 $aDordrecht \etc.!$cKluwer, published in cooperation with NATO scientific affairs division$d\1993! 215 $aVII, 387 p.$cill.$d25 cm 225 1 $aNATO ASI series. Series C, Mathematical and physical sciences$v395 300 $aIl nomeformale del congresso si trova sul verso del front. 610 0 $aFLUIDI$aDINAMICA$aMODELLI MATEMATICI$aCONGRESSI$a1992 610 0 $aCONGRESSI$aGRENOBLE$a1992 676 $a532.05015118$v20 702 1$aBeale,$bJ. T. 702 1$aCottet,$bG.-H. 702 1$aHuberson,$bS. 712 12$aNATO advanced research workshop on vortex flows and related numerical methods$f<1992$e; Grenoble> 801 0$aIT$bUNINA$gREICAT$2UNIMARC 901 $aBK 912 $a9910364260503321 952 $aID B/7-12$b800$fDINID 959 $aDINID 996 $aVortex flows and related numerical methods$91570615 997 $aUNINA LEADER 02668nam 2200637Ia 450 001 9910958553903321 005 20251116143025.0 010 $a1-134-94405-5 010 $a1-134-94406-3 010 $a1-280-06938-4 010 $a0-203-40858-6 010 $a0-203-32252-5 024 7 $a10.4324/9780203408582 035 $a(CKB)111056485511972 035 $a(EBL)166592 035 $a(OCoLC)647379538 035 $a(SSID)ssj0000122526 035 $a(PQKBManifestationID)11147944 035 $a(PQKBTitleCode)TC0000122526 035 $a(PQKBWorkID)10130945 035 $a(PQKB)11155017 035 $a(Au-PeEL)EBL166592 035 $a(CaPaEBR)ebr10058274 035 $a(CaONFJC)MIL6938 035 $a(OCoLC)51977257 035 $a(MiAaPQ)EBC166592 035 $a(PPN)198452721 035 $a(EXLCZ)99111056485511972 100 $a19930317d1994 uy 0 101 0 $aeng 135 $aur|n|---||||| 181 $ctxt 182 $cc 183 $acr 200 10$aCitizens and subjects $ean essay on British politics /$fTony Wright 210 $aLondon ;$aNew York $cRoutledge$dc1994 215 $a1 online resource (166 p.) 300 $aCover title: Citizens & subjects. 311 08$a1-138-40826-3 311 08$a0-415-04964-4 320 $aIncludes bibliographical references (p. [136]-151) and index. 327 $aBook Cover; Title; Contents; Preface; The image and the system; The place and the problem; Democracy and the constitution: New wine, old bottles; Dominocracy; Doubts and discontents; Representative government revisited; Responsible government revisited; Political culture: Democracy unvisited; Democracy and ideology: The left; Democracy and ideology: The right; The missing traditions; Centralism and localism; Consumers, producers and citizens; Reconstructions I: Representation; Reconstructions II: Accountability; Reconstructions III: Participation; Reconstructions IV: Openness 327 $aThe end of politics?Becoming citizens; Postscript on prospects; Notes and references; Index 330 $aLabour MP and academic Tony Wright's provocative critique of myths of British democracy. He exposes the reality of the constitution, setting out the radical shifts in thinking that are needed for reform. 607 $aGreat Britain$xHistory$y20th century 607 $aGreat Britain$xPolitics and government$y1979-1997 676 $a320.941 676 $a941.085 700 $aWright$b Anthony$f1948-$0246157 801 0$bMiAaPQ 801 1$bMiAaPQ 801 2$bMiAaPQ 906 $aBOOK 912 $a9910958553903321 996 $aCitizens and subjects$94483523 997 $aUNINA